Rediscovery of Ladakh / (Record no. 129687)

MARC details
000 -LEADER
fixed length control field 00728nam a22002297a 4500
005 - DATE AND TIME OF LATEST TRANSACTION
control field 20170124110101.0
010 ## - LIBRARY OF CONGRESS CONTROL NUMBER
LC control number A-946123
020 ## - INTERNATIONAL STANDARD BOOK NUMBER
Terms of availability 00.00
International Standard Book Number 8173870861
035 ## - SYSTEM CONTROL NUMBER
System control number A-946123
037 ## - SOURCE OF ACQUISITION
Source of stock number/acquisition Cen Lib/Ret
040 ## - CATALOGING SOURCE
Original cataloging agency DPL
Language of cataloging EN
082 ## - DEWEY DECIMAL CLASSIFICATION NUMBER
Classification number 954.6
Item number KAU
100 ## - MAIN ENTRY--PERSONAL NAME
Personal name Kaul, H.N.
9 (RLIN) 18066
245 ## - TITLE STATEMENT
Title Rediscovery of Ladakh /
Statement of responsibility, etc by H.N.Kaul
260 ## - PUBLICATION, DISTRIBUTION, ETC. (IMPRINT)
Name of publisher, distributor, etc Indus Publishing Company
Place of publication, distribution, etc New Delhi
Date of publication, distribution, etc 1998
270 ## - ADDRESS
Address FS-5, Tagore Garden
Postal code 110027
City New Delhi
300 ## - PHYSICAL DESCRIPTION
Extent 264p. :
Dimensions 20cm(Hb)
Other physical details col.ill.
500 ## - GENERAL NOTE
General note Includes bibliographical references and index
650 ## - SUBJECT ADDED ENTRY--TOPICAL TERM
Topical term or geographic name as entry element Ladākh (India) -- Social life and customs
9 (RLIN) 27129
650 ## - SUBJECT ADDED ENTRY--TOPICAL TERM
Topical term or geographic name as entry element Ladākh (India) -- History
9 (RLIN) 27130
942 ## - ADDED ENTRY ELEMENTS (KOHA)
Source of classification or shelving scheme Dewey Decimal Classification
Koha item type English Books
Classification part 954.6
Call number suffix KAU
Holdings
Withdrawn status Lost status Damaged status Not for loan Home library Current library Date acquired Source of acquisition Cost, normal purchase price Total Checkouts Full call number Barcode Date last seen Copy number Cost, replacement price Price effective from Koha item type
        Central Library Central Library 07/07/2015 Cen Lib/Ret 0.00   954.6 KAU A-946123 07/07/2015 1 0.00 07/07/2015 English Books

© Delhi Public Library
Hit Counter
free hit counter